التفاوض الفعال / (رقم التسجيلة. 125782)

تفاصيل مارك
000 -الفاتح
عناصر البيانات ثابتة الطول 00643cam a2200205 i 4500
005 - تاريخ ووقت آخر معاملة
حقل ضبط 20260202103831.0
008 - عناصر البيانات ثابتة الطول
عناصر البيانات ثابتة الطول 250721s2011 ua gr 000 0 ara d
020 ## - الترقيم الدولي المعياري للكتب (ردمك)
الترقيم الدولي المعياري للكتب (ردمك) 9776177186
082 14 - رقم تصنيف ديوي العشري
رقم التصنيف 168
رقم المادة ب ر ن
100 1# - مدخل رئيسي – اسم شخصي
الاسم الشخصي برنتسي، جوزيف
علاقة الشخص بالعمل/ دوره مؤلف.
245 12 - بيان العنوان
العنوان التفاوض الفعال /
بيان المسؤولية جوزيف برنتسي.
250 ## - بيان الطبعة
بيان الطبعة الطبعة الأولى.
264 31 - بيانات النشر، التوزيع…إلخ
اسم الناشر، الموزع...إلخ دار الخلود للتراث،
تاريخ النشر، التوزيع...إلخ 2011.
مكان النشر، التوزيع...إلخ القاهرة :
300 ## - الوصف المادي
عدد الوحدات المكونة للوعاء 367 صفحة.
650 17 - مدخل إضافي بالموضوع - مصطلح موضوعي
مصطلح موضوعي أو اسم جغرافي كعنصر مدخل علم النفس.
650 17 - مدخل إضافي بالموضوع - مصطلح موضوعي
مصطلح موضوعي أو اسم جغرافي كعنصر مدخل الاقناع.
650 17 - مدخل إضافي بالموضوع - مصطلح موضوعي
مصطلح موضوعي أو اسم جغرافي كعنصر مدخل المفاوضات.
942 ## - بيانات إضافية (كوها)
نوع التنصيف Dewey Decimal Classification
نوع المادة (كوها) كتب
المقتنيات
حالة السحب حالة الفقدان مصدر التصنيف حالة التلف غير قابل للإعارة المكتبة الرئيسية المكتبة الحالية موقع الرف تاريخ التزويد الرقم المتسلسل Total Checkouts رقم الإستدعاء الباركود تاريخ آخر ظهور تاريخ الفاتورة نوع المادة (كوها)
    Dewey Decimal Classification     المكتبة المركزية المكتبة المركزية الإعارة 28/07/2025 1533264   168 / ب ر ن PLD00256591 28/07/2025 28/07/2025 كتب
    Dewey Decimal Classification     مكتبة أبو علندا العامة مكتبة أبو علندا العامة الإعارة 08/09/2012 1533267   168/برن PLD00256679 28/07/2025 08/09/2012 كتب
    Dewey Decimal Classification     مكتبة أم قصير والمقابلين العامة مكتبة أم قصير والمقابلين العامة الإعارة 08/09/2012 1533268   168/برن PLD00256680 28/07/2025 08/09/2012 كتب
    Dewey Decimal Classification     مكتبة حمزة العامة مكتبة حمزة العامة الإعارة 08/09/2012 1533265   168/برن PLD00256677 28/07/2025 08/09/2012 كتب
    Dewey Decimal Classification     مكتبة وادي السير العامة مكتبة وادي السير العامة الإعارة 08/09/2012 1533266   168/برن PLD00256678 28/07/2025 08/09/2012 كتب
Implemented & Customized by: BBB with SCIT (Smart Chains for Information Technology)

Powered by Koha